| 000 | 01178nam a2200337 c 4500 | ||
|---|---|---|---|
| 999 |
_c387916 _d387916 |
||
| 003 | BLK | ||
| 005 | 20241021121424.0 | ||
| 008 | 180408b bul|||||r ||||||| ||bul|| | ||
| 010 | _aKNG00090484000 | ||
| 020 | _a9786192201425 | ||
| 040 | _aBLK | ||
| 041 |
_aBUL _cBUL |
||
| 080 |
_aБългарска литература _b821.163.2 _x-312.4 _z821.163.2-312.4 |
||
| 100 | 1 |
_aИлиев, Андрея Илиев _eпърви автор _9279143 |
|
| 139 |
_aИлиев, Андрея Илиев _bИ 52 |
||
| 245 | 1 | 0 |
_aКогато ангелите подивеят _cАндрея Илиев. _bКриминален роман |
| 257 | _aBGR | ||
| 260 |
_bЛексикон _c2018 _9389463 _aСофия _dLexicon _fСофия : Артлайн студиус _n978-619-220- |
||
| 300 |
_a194 с. _c22 см _bс портр. |
||
| 380 | _aX | ||
| 490 |
_9201634 _aСъвременна българска проза |
||
| 501 | _aНяколко думи за автора: с. 7-9 | ||
| 856 | 4 | _qpdf | |
| 856 | 4 | _qpdf | |
| 942 |
_cKNG _n0 _s1 _08 |
||
| 944 |
_aCR _c2020-09-17 _k30558 _lВаля Йорданова |
||
| 944 |
_aED _c09.07.2009 |
||
| 999 | _d387916 | ||
| 999 | _d387916 | ||
| 999 | _d85877 | ||